Bảo vệ quyền người gửi tiền - Góc nhìn từ pháp luật về bảo hiểm tiền gửi : Luận văn thạc sĩ. Chuyên ngành Luật Kinh tế

Nghiên cứu lý luận và thưc tiễn các quy định của pháp luật về bảo hiểm tiền gửi và bảo vệ quyền lợi người gửi tiền đang được áp dụng tại Việt Nam. Trên cơ sở đó đưa ra kiến nghị nhằm hoàn thiện pháp luật bảo vệ quyền lợi ngườ...

Celý popis

Uloženo v:
Podrobná bibliografie
Hlavní autor: Hồ, Chí Dũng
Médium: Kniha
Jazyk:Undetermined
Vydáno: Cần Thơ Trường Đại học Cần Thơ 2016
Témata:
Tagy: Přidat tag
Žádné tagy, Buďte první, kdo otaguje tento záznam!
Thư viện lưu trữ: Trung tâm Học liệu Trường Đại học Cần Thơ
LEADER 01284nam a2200217Ia 4500
001 CTU_214424
008 210402s9999 xx 000 0 und d
082 |a 346.597086 
082 |b D513 
100 |a Hồ, Chí Dũng 
245 0 |a Bảo vệ quyền người gửi tiền - Góc nhìn từ pháp luật về bảo hiểm tiền gửi : 
245 0 |b Luận văn thạc sĩ. Chuyên ngành Luật Kinh tế 
245 0 |c Hồ Chí Dũng ; Lê Vũ Nam (Cán bộ hướng dẫn) 
260 |a Cần Thơ 
260 |b Trường Đại học Cần Thơ 
260 |c 2016 
520 |a Nghiên cứu lý luận và thưc tiễn các quy định của pháp luật về bảo hiểm tiền gửi và bảo vệ quyền lợi người gửi tiền đang được áp dụng tại Việt Nam. Trên cơ sở đó đưa ra kiến nghị nhằm hoàn thiện pháp luật bảo vệ quyền lợi người gửi tiền tại Việt Nam 
650 |a Deposit insurance,Bảo hiểm tiền gửi 
650 |x Law and legislation,Luật và pháp luật 
904 |i Nguyên 
980 |a Trung tâm Học liệu Trường Đại học Cần Thơ